Países que contienen la letra F - Estadísticas

Estadísticas generales
  • Esta prueba ha sido intentada 935 veces
    929 desde el último reinicio
  • La puntuación promedio es 7 de 10
Estadísticas de respuestas
País % Correcto
Francia
97%
Finlandia
94%
Filipinas
84%
Fiyi
84%
Afganistán
81%
Burkina Faso
63%
Sudáfrica
51%
Estados Federados de Micronesia
48%
Costa de Marfil
43%
República Centroafricana
43%
No se encontraron pruebas coincidentes
Distribución de puntuación
Porcentaje de gente con cada puntuación
Porcentaje por número respondido
Historial de tus puntuaciones
No has intentado esta prueba desde el último reinicio